书目信息 |
| 题名: |
作曲的基本原理与传统创作方法研究
|
|
| 作者: | 宋小朱 著 | |
| 分册: | ||
| 出版信息: | 长春 吉林美术出版社 2018 |
|
| 页数: | 207页 | |
| 开本: | 24cm | |
| 丛书名: | ||
| 单 册: | ||
| 中图分类: | J614.5 , J604 | |
| 科图分类: | ||
| 主题词: | 作曲法--zuo qu fa , 音乐创作--yin yue chuang zuo | |
| 电子资源: | ||
| ISBN: | 978-7-5575-3153-9 | |
| 000 | 00965nam0 2200277 450 | |
| 001 | 012001006949 | |
| 005 | 20131018101409.0 | |
| 010 | @a978-7-5575-3153-9@dCNY50.00 | |
| 099 | @aCAL 012019006524 | |
| 100 | @a20181009d2018 em y0chiy50 ea | |
| 101 | 0 | @achi |
| 102 | @aCN@b220000 | |
| 105 | @ag a 000yy | |
| 106 | @ar | |
| 200 | 1 | @a作曲的基本原理与传统创作方法研究@Azuo qu de ji ben yuan li yu chuan tong chuang zuo fang fa yan jiu@f宋小朱著 |
| 210 | @a长春@c吉林美术出版社@d2018 | |
| 215 | @a207页@d24cm | |
| 320 | @a有书目 (第207页) | |
| 330 | @a作曲, 即是音乐的创作过程。本书从作曲的基本原理出发, 详细讲述了几种传统的创作技法, 使读者对作曲有一个基本的了解。并且, 分析作品使读者对作曲有了全面而清晰的认识。 | |
| 606 | 0 | @a作曲法@Azuo qu fa |
| 606 | 0 | @a音乐创作@Ayin yue chuang zuo |
| 690 | @aJ614.5@v5 | |
| 690 | @aJ604@v5 | |
| 701 | 0 | @a宋小朱@Asong xiao zhu@4著 |
| 801 | 0 | @aCN@b上海新华@c20191020 |
| 905 | @b1175720-3@dJ614.5@e1050@f4 | |
| 作曲的基本原理与传统创作方法研究/宋小朱著.-长春:吉林美术出版社,2018 |
| 207页;24cm |
| ISBN 978-7-5575-3153-9:CNY50.00 |
| 作曲, 即是音乐的创作过程。本书从作曲的基本原理出发, 详细讲述了几种传统的创作技法, 使读者对作曲有一个基本的了解。并且, 分析作品使读者对作曲有了全面而清晰的认识。 |
| ● |
| 相关链接 |
|
|
|
|
正题名:作曲的基本原理与传统创作方法研究
索取号:J614.5/1050
 
预约/预借
| 序号 | 登录号 | 条形码 | 馆藏地/架位号 | 状态 | 备注 |
| 1 | 1175720 | 211757204 | 第一样本阅览室/ [索取号:J614.5/1050] | 在馆 | |
| 2 | 1175721 | 211757213 | 第一借阅区/ [索取号:J614.5/1050] | 在馆 | |
| 3 | 1175722 | 211757222 | 第一借阅区/ [索取号:J614.5/1050] | 在馆 | |
| 4 | 1175723 | 211757231 | 第一借阅区/ [索取号:J614.5/1050] | 在馆 |